Kraje Świata według ich konturów - Statystyki

Ogólne statystyki
  • Ten quiz został rozwiązany 428 razy
  • Średni wynik to 13 z 15
Statystyki odpowiedzi
Obrazkowy Odpowiedź % Poprawnych
Polska
100%
Norwegia
94%
Wielka Brytania
93%
Australia
92%
Hiszpania
91%
Kanada
91%
Ukraina
91%
Grecja
90%
Chiny
88%
Portugalia
83%
Brazylia
82%
Mongolia
79%
Litwa
72%
Bułgaria
69%
Gambia
61%
Nie znaleziono quizów pasujących do podanych kryteriów
Rozkład punktacji
Procent ludzi z każdym wynikiem
Percentyl według liczby udzielonych odpowiedzi
Twoja historia wyników
Nie rozwiązałeś tego quizu